Central Library OPAC University of Rajshahi

The anatomis'd / (Record no. 20858)

MARC details
000 -LEADER
fixed length control field 01408cam a22003614a 4500
001 - CONTROL NUMBER
control field 20858
003 - CONTROL NUMBER IDENTIFIER
rucl marc code BD-RjUL
005 - DATE AND TIME OF LATEST TRANSACTION
control field 20211209000624.0
008 - FIXED-LENGTH DATA ELEMENTS--GENERAL INFORMATION
fixed length control field 140302r19631932enka b 001 0 eng d
035 ## - SYSTEM CONTROL NUMBER
System control number BD-RjUL)20920
040 ## - CATALOGING SOURCE
Original cataloging agency DNLM/DLC
Transcribing agency DLC
Modifying agency YDX
-- NLM
-- YDXCP
-- UKM
-- BWX
-- ERASA
-- YUS
-- CDX
-- DLC
-- BD-RjUL
Language of cataloging eng
041 ## - LANGUAGE CODE
Language code of text/sound track or separate title eng
060 00 - NATIONAL LIBRARY OF MEDICINE CALL NUMBER
Classification number 2010 G-855
Classification number QS 11 GA1
Item number C973a 2010
082 00 - DEWEY DECIMAL CLASSIFICATION NUMBER
Classification number 611.0094
Edition number 22
Author mark and year BRA 1963
100 1# - MAIN ENTRY--PERSONAL NAME
Personal name Bridie, James
9 (RLIN) 64420
245 14 - TITLE STATEMENT
Title The anatomis'd /
Statement of responsibility, etc. Bridie, James
250 ## - EDITION STATEMENT
Edition statement 2nd ed
260 ## - PUBLICATION, DISTRIBUTION, ETC. (IMPRINT)
Place of publication, distribution, etc. London :
Name of publisher, distributor, etc. Ashgate,
Date of publication, distribution, etc. 1932 [Reprinted 1963]
300 ## - PHYSICAL DESCRIPTION
Pagination xvi.73p. :
Illustrations ill. ;
Size 21 cm.
490 0# - SERIES STATEMENT
Series statement History of medicine in context
504 ## - BIBLIOGRAPHY, ETC. NOTE
Bibliography, etc Includes bibliographical references and index.
505 0# - FORMATTED CONTENTS NOTE
Formatted contents note "This awful subject" -- "Merit is sure of its reward" : careers and courses -- Experimental anatomy and its sub-disciplines -- Human bodies : getting, keeping, picturing, publishing, arguing -- Animal bodies and comparative anatomy -- The end of old anatomy.
650 #0 - SUBJECT ADDED ENTRY--TOPICAL TERM
Topical term or geographic name as entry element Human anatomy
General subdivision History
Chronological subdivision 18th century.
9 (RLIN) 64421
Topical term or geographic name as entry element Enlightenment.
9 (RLIN) 64422
Topical term or geographic name as entry element Anatomy
General subdivision history
Geographic subdivision Europe.
9 (RLIN) 64423
Topical term or geographic name as entry element Anatomy
General subdivision trends
Geographic subdivision Europe.
9 (RLIN) 64424
Topical term or geographic name as entry element History, 18th Century
Geographic subdivision Europe.
9 (RLIN) 64425
Topical term or geographic name as entry element History, 19th Century
Geographic subdivision Europe.
9 (RLIN) 64426
942 ## - ADDED ENTRY ELEMENTS (KOHA)
Source of classification or shelving scheme Dewey Decimal Classification
Koha item type Books
Holdings
Lost status Source of classification or shelving scheme Damaged status Not for loan Collection code Permanent Location Current Location Shelving location Date acquired Source of acquisition Total Checkouts Full call number Date last seen Copy number Koha item type
  Dewey Decimal Classification   Added to bundle Non-fiction Central Library, University of Rajshahi Central Library, University of Rajshahi Reading Room 09/12/1978 World University Gify   611.0094 BRA 1963 02/03/2014 C-2 Books